New York City Parks Map - Statistics

General Stats
  • This quiz has been taken 240 times
  • The average score is 8 of 20
Answers on the Map
Answers color-coded by a green-red scale on the quiz's map according to % correct below.
 
Answer Stats
% Correct
{Central} Park
99%
{Flushing} Meadows- {Corona} Park
61%
{Prospect} Park
59%
{Brooklyn} Bridge Park
57%
{Governors} Island Park
56%
{Staten} Island Greenbelt
51%
{Hudson} River Park
49%
{Pelham} Bay Park
42%
{Bronx} Park
41%
{Inwood} Hill Park
38%
{Van} {Cortlandt} Park
38%
{Riverside} Park
33%
{Astoria} Park
27%
Great {Kills} Park
25%
{Morningside} Park
25%
{Forest} Park
24%
{Marine} Park
20%
{Jacob} {Riis} Park
18%
{McCarren} Park
18%
{Alley} Pond Park
15%
No matching quizzes found
Score Distribution
Percent of People with Each Score
Percentile by Number Answered
Your Score History
You have not taken this quiz